000
00227 a2200097 4500
001
17623
100
_a
Luke Y L
245
_a
The special functions & their applications
260
_a
_b
Academic Press
_c
090
_c
13012
_d
13012
942
_a
NUST-CAE
_c
M
_c
3351
999
_c
252696
_d
252696